Loading...
| Philosophy | 0 | 3 | 0 | 0 | 30 | 29 | 61.67 | 2 | 2 | 15.70 | 29.69 |
| History - World | 0 | 2 | 0 | 0 | 20 | 64 | 66.00 | 0 | 1 | 7.25 | 10.00 |
| Geography | 0 | 2 | 0 | 0 | 20 | 84 | 97.00 | 0 | 0 | 5.13 | 5.36 |
| Religion | 0 | 2 | 1 | 0 | 15 | 47 | 65.50 | 1 | 1 | 7.42 | 14.29 |
| Current Events | 0 | 1 | 0 | 0 | 10 | 65 | 65.00 | 0 | 0 | 8.91 | 12.50 |
| Fine Arts - Other | 0 | 1 | 0 | 0 | 10 | 76 | 76.00 | 0 | 0 | 3.33 | 2.50 |
| History - European | 0 | 1 | 0 | 1 | 10 | 89 | 89.00 | 0 | 0 | 1.15 | 0.75 |
| Mythology | 0 | 1 | 0 | 0 | 10 | 38 | 38.00 | 1 | 1 | 6.55 | 8.75 |
| Science - Other | 0 | 1 | 0 | 1 | 10 | 108 | 108.00 | 0 | 0 | 0.00 | 2.50 |
| History - Other | 0 | 1 | 1 | 1 | 5 | 109 | 109.00 | 0 | 0 | 0.60 | 5.00 |
| Literature - British | 0 | 0 | 1 | 0 | -5 | 0.00 | 0 | 0 | 0.00 | 0.00 | |
| Literature - European | 0 | 0 | 1 | 0 | -5 | 0.00 | 0 | 0 | 0.00 | 0.00 |